Score 0/184 Timer 08:00
45 Plays Today
% Correct
a
95.5%
a
95.4%
The
93.9%
the
93.9%
the
93.9%
the
93.9%
the
93.9%
the
93.9%
the
93.9%
the
93.9%
the
93.9%
the
93.9%
The
93.9%
the
93.9%
the
93.9%
the
93.9%
the
93.9%
the
93.9%
the
93.9%
the
93.9%
the
93.9%
the
93.9%
the
93.9%
the
93.9%
is
82.3%
is
82.3%
is
82.3%
You
81.2%
you
81.2%
you
81.2%
you
81.2%
be
79.2%
we
75.1%
is
75%
is
75%
is
75%
We
74.8%
we
74.8%
We
74.8%
me
73.6%
in
70.7%
in
70.7%
in
70.7%
in
70.7%
in
70.7%
in
70.7%
it
70.4%
on
68.4%
on
68.4%
on
68.4%
on
68.4%
to
62.3%
to
62.3%
where
60.2%
and
59.4%
for
58.6%
for
58.6%
sea
58.1%
sea
58.1%
sea
58.1%
sea
58.1%
sea
58.1%
% Correct
sea
58.1%
sea
58.1%
there
58%
they
57.2%
they
57.1%
they
57.1%
They
57.1%
they
57.1%
They
57.1%
Under
57.1%
Under
57.1%
under
57.1%
Under
57.1%
Under
57.1%
Under
57.1%
under
57.1%
loves
56.7%
world
55.8%
up
54%
Up
54%
that
53.9%
What
53.4%
what
53.4%
day
52.8%
day
52.8%
at
52.6%
from
52.3%
Down
51.1%
Down
51.1%
it's
50.6%
it's
50.6%
all
50%
all
50%
gon'
49.6%
Take
49.3%
when
49.2%
but
48.2%
but
48.2%
look
47.9%
sun
47.9%
no
47.9%
here
47.8%
here
47.8%
better
47.2%
wetter
46.7%
dream
46.5%
who's
46.1%
going
45.4%
always
45.3%
ocean
44.7%
Just
44%
greener
43.3%
big
43.2%
seaweed
43%
Out
42.6%
about
42.3%
around
42.3%
else's
41.6%
somebody
41.4%
time
40.6%
work
40.5%
things
40.5%
% Correct
floor
40.2%
away
40.1%
Right
40%
mistake
40%
more
40%
fish
39.9%
fish
39.9%
fish
39.9%
lake
39%
shore
38.4%
One
37.6%
looking
36.9%
happy
36.7%
happy
36.7%
slave
36.7%
Darling
35.8%
wonderful
35.6%
land
35.3%
land
35.3%
as
33.4%
Life
33.4%
Such
33%
us
32.8%
us
32.8%
us
32.8%
get
32%
surround
30.4%
ain't
28.2%
plate
27.7%
'cause
27%
got
25.4%
floating
25.4%
bowl
25.4%
bowl
25.4%
While
24.5%
worser
24.2%
hungry
24.1%
fate
24%
their
23.7%
off
23.6%
off
23.6%
boss
23.6%
sad
23.5%
Guess
23.4%
lucky
22.3%
waves
20.9%
devoting
20%
full
19.5%
bubbles
19.2%
eat
18.4%
roll
17.7%
hook
16.9%
cook
16.9%
through
16.1%
troubles
16%
fry
14.5%
beat
14%
Nobody
12.9%
folks
12.9%
fricassee
11.7%
Remove Ads.
Support Sporcle.
Get the best of Sporcle when you Go Orange. This ad-free experience offers more features, more stats, and more fun while also helping to support Sporcle. Thank you for becoming a member.

You're not logged in!

Compare scores with friends on all Sporcle quizzes.
OR
Log In

Show Comments

Extras

Top Quizzes Today


Score Distribution

Your Account Isn't Verified!

In order to create a playlist on Sporcle, you need to verify the email address you used during registration. Go to your Sporcle Settings to finish the process.

Report this User

Report this user for behavior that violates our Community Guidelines.

Details: